[Event "Aeskulap op 13th"]
[Site "Goerlitz"]
[Date "1996.04.04"]
[Round "3"]
[White "Slama, Holger"]
[Black "Geitner, Uwe"]
[Result "1/2-1/2"]
[WhiteElo "2015"]
[BlackElo "2105"]
[PlyCount "28"]
[EventDate "1996.04.03"]
[EventType "swiss"]
[EventRounds "7"]
[EventCountry "GER"]
[SourceTitle "EXT 2009"]
[Source "ChessBase"]
[SourceDate "2008.11.26"]
[SourceVersion "1"]
[SourceVersionDate "2008.11.26"]
[SourceQuality "1"]

1. Nf3 Nf6 2. d4 g6 3. g3 Bg7 4. Bg2 0-0 5. 0-0 d5 6. Re1 Bg4 7. Nbd2 c6 8. c3 Nbd7 9. e4 dxe4 10. Nxe4 Nxe4 11. Rxe4 Bxf3 12. Bxf3 e5 13. d5 Nf6 14. Rxe5 Nxd5 1/2-1/2